[Event "120th NY Masters"]
[Site "New York USA"]
[Date "2004.10.05"]
[Round "3"]
[White "Yudasin,L"]
[Black "Kamsky,G"]
[Result "1/2-1/2"]
[WhiteElo "2556"]
[BlackElo "2717"]

1.e4 d5 2.exd5 Nf6 3.d4 Nxd5 4.c4 Nb6 5.Nc3 g6 6.Be3 Bg7 7.h3 O-O 8.Nf3 Nc6
9.Qd2 e5 10.d5 Ne7 11.g4 f5 12.O-O-O e4 13.Ng5 h6 14.Ne6 Bxe6 15.dxe6 Qxd2+
16.Rxd2 c6 17.Bc5 Rfe8 18.Rd7 Nxd7 19.exd7 Red8 20.Bxe7 Rxd7 21.Bc5 Rad8
22.Be2 Bd4 23.Bxd4 Rxd4 24.Re1 Kg7 25.gxf5 gxf5 26.Rg1+ Kf6 27.Bh5 Ke5 28.f4+ exf3
29.Bxf3 R8d7 30.Be2 Rh4 31.Rg3 Rf4 32.Re3+ Kf6 33.Re8 Rh4 34.Bf1 Rf4 35.Be2 Rh4
36.Re3 Rf4 37.Rg3 Rf2 38.Rg8 Rh2 39.Rg3 Rg7 40.Rf3 Rg1+ 41.Kd2 Rgh1 42.Ne4+ Ke5
43.Ng3 Rg1 44.Nxf5 Rb1 45.Ke3 Re1 46.Nd4 Kd6 47.Rf6+ Kc5 48.Rxh6 a5 49.Rh5+ Kb6
50.c5+ Ka7 51.Rh7 Kb8 52.h4 Rc1 53.Rh5 a4 54.Kd2 Ra1 55.a3 Rf1 56.Rh8+ Ka7
57.h5 Rf4 58.Rd8 Re4 59.Kd3 Re5 60.Rf8 Rxc5 61.Rf5 Rc1 62.Ra5+ Kb6 63.Rxa4 c5
64.Ne6 Rb1 65.b4 c4+ 66.Kc2 Re1 67.Nd4 Rexe2+ 68.Nxe2 Rxe2+ 69.Kc3 Kc6 70.Ra8 b5
71.Rc8+ Kb6 72.Rb8+ Kc6 73.Rg8 Rh2 74.Rg6+ Kd5 75.Rg5+ Kc6 76.Kd4 Rh4+ 77.Ke5 c3
78.Kf6 c2 79.Rc5+ Kb6  1/2-1/2

[Event "120th NY Masters"]
[Site "New York USA"]
[Date "2004.10.05"]
[Round "4"]
[White "Wojtkiewicz,A"]
[Black "Yudasin,L"]
[Result "1/2-1/2"]
[WhiteElo "2551"]
[BlackElo "2556"]

1.Nf3 c5 2.c4 b6 3.d4 cxd4 4.Nxd4 Bb7 5.f3 d6 6.e4 Nf6 7.Nc3 e6 8.Be2 Be7
9.Be3 O-O 10.O-O Nbd7 11.Qd2 Rc8 12.Rac1 a6 13.Rfd1 Qc7 14.Bf1 Qb8 15.b4 Bd8
16.Nb3 Bc7 17.Bf4 Ne5 18.Bxe5 dxe5 19.c5 Rcd8 20.Qb2 Bc8 21.Na4 Nd7 22.a3 bxc5
23.Nbxc5 Nxc5 24.Nxc5 a5 25.g3 axb4 26.axb4 Rxd1 27.Rxd1 Rd8 28.Rxd8+ Bxd8
29.Qc3 Bb6 30.Kg2 Qc7 31.Bb5 h6 32.Qc4 Qd6 33.Qc3 Qd4 34.Qxd4 exd4 35.e5 f6
36.f4 fxe5 37.fxe5 Bc7 38.Bd7 Bxd7 39.Nxd7 Kf7 40.Kf3 Ke7 41.Nc5 Bxe5 42.Ke4 Bf6
43.b5 Kd6 44.b6 e5 45.b7 Kc7 46.g4 Kb8 47.Kd5 Kc7 48.h3  1/2-1/2

[Event "121st NY Masters"]
[Site "New York USA"]
[Date "2004.10.12"]
[Round "1"]
[White "Hess,Ro"]
[Black "Yudasin,L"]
[Result "1/2-1/2"]
[WhiteElo "2214"]
[BlackElo "2547"]

1.e4 c5 2.Nf3 e6 3.c3 Nf6 4.e5 Nd5 5.Bc4 Nb6 6.Bb3 Nc6 7.O-O Be7 8.d4 cxd4
9.cxd4 d5 10.a3 Bd7 11.Nc3 Na5 12.Bc2 Rc8 13.Qd3 a6 14.b3 Na8 15.Bb2 g6 16.Rac1 Qb6
17.Nd2 O-O 18.f4 Nc7 19.b4 Nc4 20.Nxc4 dxc4 21.Qd2 a5 22.Kh1 axb4 23.axb4 Bxb4
24.f5 exf5 25.d5 Nb5 26.Rf3 Nxc3 27.Bxc3 Bxc3 28.Rxc3 Qa5 29.Qd4 Rc5 30.Rd1 Rxd5
31.Qxd5 Qxc3 32.Qxd7 Qxc2 33.e6 fxe6 34.Qxe6+ Kg7 35.Qe7+ Rf7 36.Qe5+ Kh6
37.Qf4+ Kh5 38.Qf3+ Kh6 39.Qf4+ Kg7 40.Qe5+  1/2-1/2

[Event "122nd NY Masters"]
[Site "New York USA"]
[Date "2004.10.19"]
[Round "2"]
[White "Vujatovic,R"]
[Black "Yudasin,L"]
[Result "0-1"]
[WhiteElo "2222"]
[BlackElo "2547"]

1.e4 c5 2.Nf3 e6 3.d4 cxd4 4.Nxd4 a6 5.Bd3 Bc5 6.Nb3 Be7 7.O-O Nc6 8.Nc3 Nf6
9.Re1 d6 10.Be3 b5 11.Qd2 Bb7 12.Rad1 O-O 13.f3 Rc8 14.Nd4 Ne5 15.Bf1 Nc4
16.Bxc4 Rxc4 17.b3 Rc8 18.Nce2 Qc7 19.Ng3 d5 20.e5 Nd7 21.Bf4 Qc3 22.Qxc3 Rxc3
23.Bd2 Rcc8 24.c3 Bd8 25.Kf1 Bc7 26.f4 Nc5 27.Ke2 Bb8 28.Rc1 Rfd8 29.Be3 a5
30.Nxb5 Ba6 31.c4 dxc4 32.bxc4 Nd3 33.Rcd1 Nxe1 34.Rxd8+ Rxd8 35.Kxe1 Rc8
36.Nd6 Bxd6 37.exd6 Bxc4 38.Bb6 Bb5 39.Ne4 Rc4 40.Nc5 Rxf4 41.Nb7 Rc4 42.Nxa5 Ra4
43.Nb7  0-1

[Event "122nd NY Masters"]
[Site "New York USA"]
[Date "2004.10.19"]
[Round "3"]
[White "Yudasin,L"]
[Black "Bonin,J"]
[Result "1-0"]
[WhiteElo "2547"]
[BlackElo "2342"]

1.e4 c6 2.d4 d5 3.exd5 cxd5 4.Bd3 Nc6 5.c3 Nf6 6.Bf4 Bg4 7.Qb3 Qb6 8.Nd2 e6
9.Qxb6 axb6 10.Ngf3 Nd7 11.O-O f6 12.Rfe1 Kf7 13.a3 Bh5 14.h3 Bg6 15.Bb5 Be7
16.Re3 Rhe8 17.Rae1 Nf8 18.c4 Bc2 19.Bc7 Ba4 20.Bxb6 Bxb5 21.cxb5 Nb8 22.Bc7 Nbd7
23.Rc3 Rec8 24.Rec1 b6 25.Nb3 Ra4 26.Rc6 Rc4 27.R1xc4 dxc4 28.Nbd2 e5 29.d5 c3
30.bxc3 Bxa3 31.Nc4 Ra8 32.Nxb6 Nxb6 33.Rxb6 Nd7 34.Ra6 Rxa6 35.bxa6 Bc5
36.Nd2 f5 37.Nb3 Ba7 38.Na5 Nf6 39.Nc6 Nxd5 40.Bxe5 Bc5 41.a7 Nb6 42.Nd8+ Ke8
43.Ne6  1-0

[Event "123rd NY Masters"]
[Site "New York USA"]
[Date "2004.10.26"]
[Round "1"]
[White "Lenderman,A"]
[Black "Yudasin,L"]
[Result "0-1"]
[WhiteElo "2298"]
[BlackElo "2547"]

1.e4 c5 2.Nf3 e6 3.d4 cxd4 4.Nxd4 a6 5.Bd3 Bc5 6.Nb3 Be7 7.c4 d6 8.Nc3 Nf6
9.O-O O-O 10.Be3 Nbd7 11.f4 b6 12.Qf3 Bb7 13.Rad1 Qc7 14.Qh3 Rfe8 15.Bb1 Nf8
16.Nd2 Bc6 17.g4 b5 18.cxb5 axb5 19.a3 d5 20.e5 N6d7 21.Nf3 b4 22.axb4 Bxb4
23.Ng5 h6 24.Nxf7 Kxf7 25.f5 exf5 26.Bxh6 gxh6 27.Qxh6 Rxe5 28.Bxf5 Ke8 29.Rde1 Qb6+
30.Kg2 d4+ 31.Kg3 Rxe1 32.Rxe1+ Kd8 33.Bxd7 Nxd7 34.Re6 Kc7 35.Nd5+ Bxd5
36.Rxb6 Nxb6 37.Qg7+ Kc6 38.Qxd4 Bd6+ 39.Kh4 Bxh2 40.b4 Bd6 41.b5+ Kxb5 42.Qd3+ Kc6
43.Qc3+ Kb7 44.Qg7+ Bc7 45.Kh5 Rg8 46.Qd4 Bf3 47.Kh6 Rxg4 48.Qf6 Bd5 49.Qf5 Rh4+
50.Kg7 Be4 51.Qg5 Rh2 52.Qe3 Rg2+ 53.Kh6 Bd5 54.Kh7 Nd7 55.Qe7 Rh2+ 56.Kg7 Kc6
57.Qa3 Be5+ 58.Kg6 Rg2+ 59.Kf5 Rf2+ 60.Kg5 Bf6+ 61.Kh5 Bf7+ 62.Kg4 Ne5+ 63.Kg3 Rf3+  0-1

[Event "123rd NY Masters"]
[Site "New York USA"]
[Date "2004.10.26"]
[Round "3"]
[White "Wojtkiewicz,A"]
[Black "Yudasin,L"]
[Result "1-0"]
[WhiteElo "2539"]
[BlackElo "2547"]

1.Nf3 Nf6 2.c4 e6 3.g3 c5 4.Bg2 Nc6 5.O-O Be7 6.d4 cxd4 7.Nxd4 a6 8.Nc3 Qc7
9.Be3 d6 10.Rc1 Nxd4 11.Bxd4 O-O 12.Na4 Nd7 13.b4 Rb8 14.Ba7 Ra8 15.Bd4 Rb8
16.Ba7 Ra8 17.Be3 a5 18.a3 axb4 19.axb4 Nf6 20.Nb6 Ra3 21.c5 dxc5 22.Nxc8 Rxc8
23.Bxc5 Rd8 24.Qc2 b6 25.Qb2 Ra7 26.Be3 Qb8 27.Rc6 Nd5 28.Bxd5 Rxd5 29.Rfc1 Ra8
30.Rxb6 Qe8 31.Qc2 Rb5 32.Qc4 Rxb6 33.Bxb6 h6 34.Bc5 Bxc5 35.Qxc5 Rb8 36.Rc4 Qb5
37.Qxb5 Rxb5 38.Kg2 Kf8 39.Kf3 Ke7 40.Ke3 Kd6 41.Rg4 g5 42.Rd4+ Kc6 43.h4 f5
44.hxg5 hxg5 45.g4 Re5+ 46.Kd3 Kb5 47.e3 fxg4 48.Rxg4 Rf5 49.Ke2 Rf6 50.Rxg5+ Kxb4
51.Re5 Kc4 52.f4 Rg6 53.Kf2 Kc3 54.Kf3 Kd3 55.Ra5 Rh6 56.Ra3+ Kd2 57.Ke4 Rh3
58.Ra2+ Ke1 59.Kd4 Rh5 60.e4 Rh4 61.Ke5 Rh6 62.Rg2 Kf1 63.Rd2 Rh4 64.f5 exf5
65.exf5  1-0

[Event "National Chess Congress"]
[Site "Philadephia USA"]
[Date "2004.11.26"]
[Round "1"]
[White "Yudasin,L"]
[Black "Lenderman,A"]
[Result "1-0"]
[WhiteElo "2547"]
[BlackElo "2298"]

1.e4 e5 2.Nf3 Nc6 3.Bc4 Bc5 4.c3 Nf6 5.b4 Bb6 6.d3 d6 7.a4 a5 8.b5 Ne7 9.O-O O-O
10.Nbd2 Ng6 11.Bb3 Be6 12.Nc4 d5 13.exd5 Nxd5 14.Qc2 Ndf4 15.Bxf4 Bxc4 16.Bxc4 Nxf4
17.g3 Ng6 18.Qe2 Qd6 19.Qe4 c6 20.Rab1 Rab8 21.Qf5 Qf6 22.Qh5 h6 23.Nd2 Kh7
24.Ne4 Qe7 25.Qf5 Qc7 26.Qh5 Qe7 27.h4 Nh8 28.Qf5+ g6 29.Qd7 Bd8 30.bxc6 Qxd7
31.cxd7 Kg7 32.Rb5  1-0

[Event "National Chess Congress"]
[Site "Philadephia USA"]
[Date "2004.11.27"]
[Round "3"]
[White "Yudasin,L"]
[Black "Vavrak,P"]
[Result "1-0"]
[WhiteElo "2547"]
[BlackElo "2388"]

1.e4 e6 2.d3 d5 3.Qe2 Ne7 4.Nf3 c5 5.g3 Nbc6 6.Bg2 g6 7.O-O Bg7 8.Re1 h6
9.c3 b6 10.h4 a5 11.a4 Ba6 12.e5 O-O 13.Nbd2 Qd7 14.Nf1 Kh7 15.N1h2 Rae8
16.Ng4 Nf5 17.Bf4 f6 18.exf6 Bxf6 19.Nxf6+ Rxf6 20.Qd2 Ref8 21.Re2 Nxh4 22.Nxh4 g5
23.Bxg5 hxg5 24.Qxg5 Bxd3 25.Re3 c4 26.f4 Rh6 27.Bh3 Be4 28.Rd1 Rg8 29.Rxe4 Rxg5
30.fxg5 Qc7 31.Rf4 Rxh4 32.Rxh4+ Kg6 33.Kh2 Ne5 34.Rh6+ Kxg5 35.Rxe6 Ng4+
36.Bxg4 Qh7+ 37.Kg2 Qc2+ 38.Be2  1-0

[Event "ch-Marshall CC"]
[Site "New York USA"]
[Date "2004.12.12"]
[Round "2"]
[White "Fedorowicz,J"]
[Black "Yudasin,L"]
[Result "1/2-1/2"]
[WhiteElo "2511"]
[BlackElo "2547"]

1.e4 c5 2.Nf3 d6 3.Bb5+ Bd7 4.Bxd7+ Qxd7 5.O-O Nf6 6.Re1 Nc6 7.c3 e6 8.d4 cxd4
9.cxd4 d5 10.e5 Ne4 11.Nbd2 Nxd2  1/2-1/2

[Event "ch-Marshall CC"]
[Site "New York USA"]
[Date "2004.12.13"]
[Round "3"]
[White "Yudasin,L"]
[Black "Hess,Ro"]
[Result "1/2-1/2"]
[WhiteElo "2547"]
[BlackElo "2214"]

1.e4 e5 2.Nf3 Nc6 3.Bc4 Bc5 4.c3 Nf6 5.b4 Bb6 6.d3 O-O 7.a4 a6 8.Bg5 d6 9.Nbd2 h6
10.Bh4 Qe7 11.O-O Nd8 12.a5 Ba7 13.d4 exd4 14.Nxd4 Nc6 15.Nf5 Bxf5 16.exf5 Rfe8
17.Qc2 Rad8 18.b5 d5 19.bxc6 dxc4 20.cxb7 Qe2 21.Ra2 Qd3 22.Nf3 Qxc2 23.Rxc2 Rd5
24.Nd4 Bxd4 25.cxd4 Rb8 26.Bxf6 gxf6 27.Rxc4 Rxb7 28.g4 Rxa5 29.Kg2 Rab5
30.Rfc1 Rb4 31.Kf3 a5 32.Ke4 Rxc4 33.Rxc4 Ra7 34.Ra4 Kf8 35.Kd5 Ke7 36.Kc6 Kd8
37.h4 Ra6+ 38.Kc5 Kd7 39.f4 Rc6+ 40.Kd5 Rc1 41.Rxa5 c6+ 42.Ke4 Re1+ 43.Kf3 Rf1+
44.Ke3 Re1+ 45.Kf2 Re4 46.d5 cxd5 47.Rxd5+ Kc6 48.Rd8 Rxf4+ 49.Kg3 Rb4 50.h5 Rb3+
51.Kh4 Rb1 52.Rf8 Kd5 53.Rxf7 Ke5 54.Kg3 Rb3+ 55.Kf2 Kf4 56.Rg7 Rg3 57.Rg6 Rxg4
58.Rxf6 Kg5 59.Rg6+ Kxf5  1/2-1/2

[Event "ch-Marshall CC"]
[Site "New York USA"]
[Date "2004.12.17"]
[Round "7"]
[White "Shapiro,D"]
[Black "Yudasin,L"]
[Result "1/2-1/2"]
[WhiteElo "2264"]
[BlackElo "2547"]

1.d4 Nf6 2.c4 e6 3.g3 c5 4.d5 exd5 5.cxd5 b5 6.Bg2 d6 7.e4 Nbd7 8.f4 c4 9.Be3 Qc7
10.Nh3 Nc5 11.Nf2 Be7 12.e5 Nfd7 13.e6 Nf6 14.f5 fxe6 15.fxe6 Bb7 16.O-O O-O
17.Na3 a6 18.Nc2 Rac8 19.Rc1 Qb8 20.Bf4 Na4 21.Ne3 Ne8 22.Be4 Rc5 23.b4 cxb3
24.axb3 Rxc1 25.Qxc1 Nc5 26.Qxc5 Rxf4 27.Bxh7+ Kh8 28.Qc2 Rf3 29.Nf5 Bf6
30.Qe4 Rxf2 31.Rxf2 Kxh7 32.Ne7+ Kh8 33.Rxf6 Nxf6 34.Qh4+ Nh7 35.Ng6+ Kg8
36.Ne7+ Kh8  1/2-1/2

[Event "ch-Marshall CC"]
[Site "New York USA"]
[Date "2004.12.18"]
[Round "8"]
[White "Yudasin,L"]
[Black "Gonzales,Jay"]
[Result "1/2-1/2"]
[WhiteElo "2547"]
[BlackElo "2422"]

1.e4 Nc6 2.Nf3 d6 3.d4 Nf6 4.d5 Nb8 5.Nc3 c6 6.Be2 g6 7.O-O Bg4 8.h3 Bxf3
9.Bxf3 Bg7 10.a4 a5  1/2-1/2

[Event "128th NY Masters"]
[Site "New York USA"]
[Date "2005.01.04"]
[Round "3"]
[White "Lenderman,A"]
[Black "Yudasin,L"]
[Result "1/2-1/2"]
[WhiteElo "2298"]
[BlackElo "2547"]

1.e4 c6 2.d4 d5 3.Nc3 dxe4 4.Nxe4 Nd7 5.Nf3 Ngf6 6.Nxf6+ Nxf6 7.Be2 Bf5 8.c3 e6
9.O-O Be7 10.Qb3 Qb6 11.Ne5 O-O 12.Bg5 Qc7 13.Bf3 h6 14.Bh4 Rad8 15.Rfe1 Rfe8
16.h3 Nd5 17.Bg3 Qc8 18.Rad1 Bd6 19.c4 Nf6 20.a3 Be7 21.Qc3 Nd7 22.b4 Nxe5
23.Bxe5 Bd6 24.c5 Bc7 25.a4 a6 26.Qb2 Rd7 27.b5 Bxe5 28.bxc6 Rxd4 29.Rxd4 Bxd4
30.Qxd4 bxc6 31.Qd6 Rd8 32.Qxc6 Qxc6 33.Bxc6 Rc8 34.Bb7 Rxc5 35.Bxa6 Ra5
36.Bb5 Bc2 37.Ra1 Kf8 38.Ra2 Bb3 39.Ra3 Bd5 40.Rc3 g5 41.g3 f5 42.f4 Ke7
43.Kf2 Kd6 44.Ke3 e5 45.Rc8 exf4+ 46.gxf4 Bb3 47.Rc6+ Ke7 48.Rxh6 Bxa4 49.Bxa4 gxf4+  1/2-1/2

[Event "128th NY Masters"]
[Site "New York USA"]
[Date "2005.01.04"]
[Round "4"]
[White "Yudasin,L"]
[Black "Lenderman,A"]
[Result "1-0"]
[WhiteElo "2547"]
[BlackElo "2298"]

1.e4 e5 2.Nf3 Nc6 3.Bc4 Bc5 4.c3 Nf6 5.d3 d6 6.Bb3 Bb6 7.Nbd2 O-O 8.Nc4 Ne7
9.h3 Ng6 10.O-O Be6 11.Bc2 Bxc4 12.dxc4 Nh5 13.Kh2 Qf6 14.g3 Qe7 15.Ne1 Nf6
16.Ng2 Rfe8 17.Qe2 Rad8 18.Ne3 Bxe3 19.Bxe3 Nd7 20.Rad1 a6 21.b4 Qf6 22.Qg4 Qe6
23.Qxe6 fxe6 24.c5 Nf6 25.cxd6 cxd6 26.Bb6 Rc8 27.Rxd6 Rxc3 28.Bb3 Nxe4 29.Rxe6 Rxe6
30.Bxe6+ Kf8 31.Bd5 Nd2 32.Rd1 Nf3+ 33.Kg2 Nd4 34.Bxb7 Rc2 35.a4 Ne2 36.Bxa6 Nc3
37.Rd8+ Ke7 38.a5 e4 39.Rc8 Ne5 40.Bd4 e3 41.Bxe3  1-0

[Event "130th NY Masters"]
[Site "New York USA"]
[Date "2005.01.18"]
[Round "4"]
[White "Yudasin,L"]
[Black "Bonin,J"]
[Result "0-1"]
[WhiteElo "2547"]
[BlackElo "2342"]

1.e4 e6 2.d3 d5 3.Qe2 b6 4.exd5 Qxd5 5.Nc3 Bb4 6.Bd2 Bxc3 7.Bxc3 Nf6 8.Qf3 Qxf3
9.Nxf3 Bb7 10.Ne5 Nc6 11.Nxc6 Bxc6 12.f3 Rg8 13.Kf2 Nd5 14.Bd2 g5 15.Be2 f5
16.h4 g4 17.fxg4 fxg4 18.Kg3 Ne7 19.h5 Nf5+ 20.Kf4 O-O-O 21.Bc3 Rdf8 22.Rac1 g3
23.Rhg1 Nh4+ 24.Ke3 Nxg2+ 25.Kd2 Nf4 26.Be5 g2 27.Bxf4 Rxf4 28.Rce1 Rg3 29.Bd1 Kd7
30.c3 Kd6 31.d4 Bb5 32.a4 Rf2+ 33.Kc1 Bd3 34.Bb3 Bf5 35.Bc4 Rc2+ 36.Kd1 Rxb2
37.Be2 Rxc3  0-1

[Event "US Amateur Team East"]
[Site "Parsippany USA"]
[Date "2005.03.20"]
[Round "4"]
[White "Yudasin,L"]
[Black "Kujovic,M"]
[Result "1-0"]
[WhiteElo "2550"]
[BlackElo "2366"]

1.e4 c6 2.d4 d5 3.e5 Bf5 4.c3 e6 5.Be3 Qb6 6.Qb3 Nd7 7.Nd2 f6 8.f4 g5 9.Ngf3 g4
10.Nh4 Bh6 11.Nxf5 exf5 12.e6 Nf8 13.Qc2 Ne7 14.Bd3 Nxe6 15.g3 Kf7 16.O-O-O Bf8
17.h3 h5 18.Nf1 Qa5 19.Kb1 b5 20.Bd2 Ng7 21.Ne3 gxh3 22.c4 Qb6 23.cxb5 cxb5  1-0

[Event "HB Global CC"]
[Site "Minneapolis USA"]
[Date "2005.05.21"]
[Round "6"]
[White "Yudasin,L"]
[Black "Howell,D"]
[Result "1-0"]
[WhiteElo "2538"]
[BlackElo "2416"]

1.e4 e5 2.Nf3 Nc6 3.Bc4 Nf6 4.d3 Bc5 5.c3 a6 6.Bb3 Ba7 7.O-O d6 8.Re1 O-O
9.h3 h6 10.Nbd2 Re8 11.Nf1 Be6 12.Ba4 b5 13.Bc2 d5 14.Ng3 dxe4 15.dxe4 Qxd1
16.Bxd1 Nd7 17.Bc2 Red8 18.Be3 Bxe3 19.Rxe3 Nb6 20.b3 Kf8 21.Kf1 Nd7 22.Ne1 Nc5
23.Nd3 Nxd3 24.Rxd3 Rdb8 25.Bd1 Rd8 26.Be2 Rxd3 27.Bxd3 Rd8 28.Ke2 g6 29.b4 Ke7
30.a4 Rb8 31.axb5 axb5 32.h4 h5 33.Ra6 Kd6 34.Ke3 Bc8 35.Ra1 Nd8 36.Ra5 c6
37.Ne2 f6 38.f4 Bg4 39.f5 Nb7 40.Ra6 Kc7 41.fxg6 Rg8 42.Ng3 Rxg6 43.Kf2 Rg8
44.Nf1 Nd6 45.Ne3 f5 46.exf5 Nxf5 47.Bxf5 Bxf5 48.Ra7+ Kb6 49.Re7 Bg6 50.Rxe5 Ra8
51.Kg3 Ra3 52.Rc5 Ra2 53.Kf3 Kc7 54.g3 Kd6 55.Nf5+ Bxf5 56.Rxf5 Rc2 57.Rc5 Rc1
58.Kf4 Rf1+ 59.Kg5 Rg1 60.Kxh5 Rxg3  1-0

[Event "HB Global CC"]
[Site "Minneapolis USA"]
[Date "2005.05.21"]
[Round "7"]
[White "Yudasin,L"]
[Black "Christiansen,L"]
[Result "1/2-1/2"]
[WhiteElo "2538"]
[BlackElo "2524"]

1.e4 c5 2.f4 d5 3.exd5 Nf6 4.Bb5+ Bd7 5.Bxd7+ Qxd7 6.c4 e6 7.Qe2 Bd6 8.dxe6 fxe6
9.d3 Nc6 10.Nf3 O-O 11.O-O Rae8 12.Nc3 e5 13.f5 Nd4 14.Qd1 e4 15.dxe4 Nxe4
16.Nxd4 Nxc3 17.bxc3 cxd4 18.Qxd4 Qc6 19.Qd3 Qc5+ 20.Qd4 Re4 21.Qxc5 Bxc5+
22.Kh1 Rxf5 23.Bd2 Rxf1+ 24.Rxf1 Rxc4 25.Rb1 b6 26.g3 Re4 27.Bf4 Kf7 28.Bb8 Ra4
29.Rb2 Ke6 30.Kg2 Kd5 31.Kf3 g6 32.Rd2+ Kc4 33.Be5 b5 34.g4 a5 35.Ke4 b4
36.cxb4 axb4 37.Rc2+ Kb5 38.Kd5 Bb6 39.Bd6 b3 40.axb3 Rxg4 41.Rc4 Rg5+ 42.Ke6 Rh5
43.Rb4+  1/2-1/2

[Event "HB Global CC"]
[Site "Minneapolis USA"]
[Date "2005.05.22"]
[Round "9"]
[White "Beliavsky,A"]
[Black "Yudasin,L"]
[Result "1/2-1/2"]
[WhiteElo "2630"]
[BlackElo "2538"]

1.d4 Nf6 2.c4 e6 3.Nf3 b6 4.a3 Ba6 5.Qc2 Bb7 6.Nc3 c5 7.e4 cxd4 8.Nxd4 d6
9.Be2 Be7 10.O-O a6 11.Be3 O-O 12.f4 Nc6 13.Kh1 Rc8 14.Nb3 Nb8 15.Rad1 Qc7
16.Qb1 Rfe8 17.Nd4 Bf8 18.Bf2 Nc6 19.Bh4 Be7 20.Nb3 Nb8 21.Bg3 Nbd7 22.Nd4 Nc5
23.Bf3 Bf8 24.Rfe1 Rcd8 25.f5 Ncd7 26.fxe6 fxe6 27.Qa2 Kh8 28.Qb3 Rc8 29.Nc2 Ne5
30.Ne3 Nfd7 31.Be2 Be7 32.Qc2 Rcd8 33.Ng4 Nxc4 34.Bxc4 Qxc4 35.Bxd6 Bxd6
36.Rxd6 Qc7 37.Red1 Nc5 38.Qd2 Rxd6 39.Qxd6 Qf7 40.Ne5 Qf2 41.Qe7 Qf8 42.Qh4 Qf6
43.Qxf6 gxf6 44.Nd7 Rd8 45.Nxc5 Rxd1+ 46.Nxd1 bxc5 47.Nc3 Bc6 48.Kg1 Kg7
49.Kf2 Kg6 50.Ke3 Kg5 51.Ne2 f5 52.Nf4 Kf6 53.exf5 Kxf5 54.g3 c4 55.Nh3 e5
56.Nf2 a5 57.Kd2 Bd7 58.Ke3 Bc6 59.Nd1 Ba4 60.Nc3 Bc6 61.Nb1 Kg4 62.Nd2 Bd5
63.Kf2 Kf5 64.h3 Be6 65.Ke3 Kg6 66.Ke4  1/2-1/2

[Event "ch-Marshall CC"]
[Site "New York USA"]
[Date "2005.12.09"]
[Round "1"]
[White "Naranja,R"]
[Black "Yudasin,L"]
[Result "0-1"]
[WhiteElo "2356"]
[BlackElo "2554"]

1.c4 Nf6 2.Nc3 e6 3.Nf3 b6 4.e4 Bb7 5.Bd3 c5 6.O-O Nc6 7.Re1 e5 8.Bc2 Be7
9.Ba4 d6 10.Nd5 O-O 11.Nxe7+ Qxe7 12.d3 Ne8 13.Bg5 f6 14.Bh4 Nc7 15.a3 Ne6
16.h3 Qf7 17.Qd2 g5 18.Bg3 Qg6 19.b4 f5 20.exf5 Rxf5 21.bxc5 Rxf3 22.gxf3 Ncd4
23.Re3 Nxc5 24.Bd1 Rf8 25.Qc3 Qf5 26.Kh2 Rf6 27.Re4 Nxf3+ 28.Bxf3 Qxf3 29.Qd2 Nxd3
30.Qxg5+ Kf7 31.Bh4 Bxe4 32.Qxf6+ Qxf6 33.Bxf6 Kxf6 34.Kg3 Ke6 35.h4 Nf4  0-1

[Event "ch-Marshall CC"]
[Site "New York USA"]
[Date "2005.12.10"]
[Round "3"]
[White "De Firmian,N"]
[Black "Yudasin,L"]
[Result "1/2-1/2"]
[WhiteElo "2552"]
[BlackElo "2554"]

1.e4 c6 2.d4 d5 3.Nc3 dxe4 4.Nxe4 Bf5 5.Ng3 Bg6 6.h4 h6 7.Nf3 Nd7 8.h5 Bh7
9.Bd3 Bxd3 10.Qxd3 Ngf6 11.Bf4 Qa5+ 12.Bd2 Qc7 13.O-O-O e6 14.Ne4 O-O-O 15.g3 Nxe4
16.Qxe4 Bd6 17.c4 c5 18.Bc3 Nf6 19.Qe2 cxd4 20.Bxd4 Bc5 21.Bxc5 Qxc5 22.Ne5 Qc7
23.f4 a6 24.Kb1 Rxd1+ 25.Rxd1 Rd8 26.Rc1 Kb8 27.c5 Nd5 28.c6 Rc8 29.Rc5 Qd6
30.Nd7+ Kc7 31.Rc1 Nb4 32.Rd1 Nd5 33.Ne5 Kb8 34.cxb7 Rc7 35.Ka1  1/2-1/2

[Event "ch-Marshall CC"]
[Site "New York USA"]
[Date "2005.12.17"]
[Round "7"]
[White "Yudasin,L"]
[Black "Schneider,Ig"]
[Result "1-0"]
[WhiteElo "2554"]
[BlackElo "2350"]

1.e4 e6 2.d3 d5 3.Qe2 Nf6 4.Nf3 Be7 5.g3 b5 6.exd5 Nxd5 7.Bg2 Bb7 8.O-O Nb6
9.c4 bxc4 10.dxc4 O-O 11.Rd1 Qc8 12.Nc3 N8d7 13.Bf4 a6 14.b3 Nf6 15.Ne5 Bxg2
16.Kxg2 Qb7+ 17.Qf3 Qxf3+ 18.Kxf3 Bd6 19.Nc6 Bxf4 20.Kxf4 Rfe8 21.g4 h6 22.h4 Nfd7
23.g5 hxg5+ 24.hxg5 e5+ 25.Kg4 Re6 26.Nb4 c6 27.Ne4 a5 28.Nc2 a4 29.Ne3 axb3
30.axb3 Rxa1 31.Rxa1 g6 32.Ra7 Nb8 33.Nf6+ Kg7 34.Rb7  1-0

[Event "ch-Marshall CC"]
[Site "New York USA"]
[Date "2005.12.18"]
[Round "8"]
[White "Molner,M"]
[Black "Yudasin,L"]
[Result "0-1"]
[WhiteElo "2241"]
[BlackElo "2554"]

1.e4 c5 2.Nf3 e6 3.d4 cxd4 4.Nxd4 a6 5.Bd3 Bc5 6.Nb3 Ba7 7.Nc3 Nc6 8.f4 Nge7
9.Qf3 b5 10.Be3 O-O 11.Bxa7 Rxa7 12.O-O-O b4 13.Na4 d6 14.e5 Nd5 15.exd6 Qxd6
16.Be4 Nce7 17.f5 Rc7 18.fxe6 Bxe6 19.Rhe1 g6 20.Kb1 Rfc8 21.Rd4 Rc4 22.Red1 Rxd4
23.Rxd4 Qe5 24.Qg3 Nf4 25.Bd3 Bxb3 26.Re4 Nxd3 27.Qxd3 Bxc2+ 28.Qxc2 Qxh2
29.Qd1 Nd5 30.Rd4 Nf6 31.g4 Qe5 32.Rxb4 Nxg4 33.a3 Qf5+ 34.Ka2 h5  0-1

[Event "34th World Open"]
[Site "Philadelphia USA"]
[Date "2006.07.03"]
[Round "7"]
[White "Kacheishvili,G"]
[Black "Yudasin,L"]
[Result "1/2-1/2"]
[WhiteElo "2605"]
[BlackElo "2568"]

1.d4 Nf6 2.c4 e6 3.Nc3 Bb4 4.Nf3 c5 5.g3 Nc6 6.Bg2 Ne4 7.Bd2 Nxd2 8.Qxd2 cxd4
9.Nxd4 Ne5 10.b3 Qa5 11.Rc1 O-O 12.O-O a6 13.Rfd1 Ba3 14.Rc2 Rb8 15.Ne4 Qxd2
16.Rcxd2 Bb4 17.Rb2 f5 18.Nc2 Be7 19.Nd6 b5 20.c5 a5 21.a3 Ba6 22.Ra2 Rfd8
23.b4 Nc4 24.bxa5 Bxd6 25.Nb4 Bb7 26.Bxb7 Nxa5 27.cxd6 Rxb7 28.a4  1/2-1/2

[Event "34th World Open"]
[Site "Philadelphia USA"]
[Date "2006.07.04"]
[Round "8"]
[White "Ganguly,S"]
[Black "Yudasin,L"]
[Result "0-1"]
[WhiteElo "2578"]
[BlackElo "2568"]

1.e4 c5 2.Nf3 d6 3.d4 cxd4 4.Nxd4 Nf6 5.Nc3 a6 6.g3 e6 7.Bg2 Bd7 8.g4 h6
9.h4 Nc6 10.g5 hxg5 11.hxg5 Rxh1+ 12.Bxh1 Nxd4 13.Qxd4 Ng4 14.f4 e5 15.Qg1 exf4
16.Bxf4 Qa5 17.O-O-O Rc8 18.g6 f6 19.e5 fxe5 20.Bg5 Rxc3 21.bxc3 e4 22.Be3 Be7
23.Kb2 Be6 24.Bxe4 Nxe3 25.Qxe3 Bg5  0-1

[Event "37th National Chess Congress"]
[Site "Philadelphia USA"]
[Date "2006.11.26"]
[Round "6"]
[White "Sarkar,J"]
[Black "Yudasin,L"]
[Result "1-0"]
[WhiteElo "2380"]
[BlackElo "2578"]

1.d4 Nf6 2.c4 e6 3.Nc3 Bb4 4.Qc2 c5 5.dxc5 Qc7 6.a3 Bxc5 7.b4 Be7 8.Nb5 Qc6
9.Nf3 d6 10.e4 e5 11.Bd3 Bg4 12.Nd2 Nbd7 13.O-O O-O 14.Bb2 Rfe8 15.Nc3 Bd8
16.Rac1 a6 17.Nd5 Bh5 18.Qb3 b6 19.Rfe1 Qb7 20.Nf1 Bg6 21.f3 Nf8 22.Nfe3 Rc8
23.Rc2 Nxd5 24.Nxd5 Ne6 25.g3 Nc7 26.Kg2 h6 27.Rd1 Kh8 28.Bc1 Nxd5 29.cxd5 Be7
30.Be3 Rxc2+ 31.Qxc2 Rc8 32.Qe2 Rc3 33.Qb2 Rc7 34.b5 axb5 35.Qxb5 Qc8 36.Bxb6 Rc3
37.Qb2 f5 38.exf5 Rxd3 39.Rxd3 Qxf5 40.Re3 Bg5 41.Re4 Qf7 42.Qb5 Bxe4 43.fxe4 Qh5
44.Qd3 Qe8 45.Qc4 h5 46.a4 h4 47.a5  1-0

[Event "90th ch-Marshall CC"]
[Site "New York USA"]
[Date "2006.12.01"]
[Round "1"]
[White "Yudasin,L"]
[Black "Chernin,O"]
[Result "1-0"]
[WhiteElo "2578"]
[BlackElo "2162"]

1.e4 c5 2.Nf3 d6 3.Bc4 Nf6 4.d3 Nc6 5.O-O g6 6.c3 Bg7 7.Bb3 O-O 8.Nbd2 Bg4
9.h3 Bxf3 10.Nxf3 b5 11.d4 e6 12.Qe2 Qb6 13.Rd1 Rad8 14.Bg5 h6 15.Bf4 Rfe8
16.Rac1 a6 17.Bc2 cxd4 18.cxd4 e5 19.dxe5 dxe5 20.Rxd8 Qxd8 21.Bd2 Nd4 22.Nxd4 Qxd4
23.Bc3 Qb6 24.Rd1 Bf8 25.b4 Qc7 26.Be1 Rd8 27.Rxd8 Qxd8 28.Qe3 Qd6 29.Qa7 Be7
30.Bb3 Kg7 31.Qb7 Ne8 32.a4 bxa4 33.Bxa4 Nc7 34.Bb3 Bg5 35.Bc3 h5 36.Bc4 h4
37.Be2 Bf4 38.Kf1 Bg5 39.Ke1 Bf4 40.Bc4 Bg5 41.Ke2 Bf4 42.Bd3 Bg5 43.g3 hxg3
44.fxg3 Bf6 45.h4 Bd8 46.Bc4 Qf6 47.Qc8 Qc6 48.Kd3 Bf6 49.Bd2 Qd6+ 50.Ke2 Qc6
51.Bd3 Qd6 52.Bc3 Qc6 53.Be1 Be7 54.Bd2 Bf6 55.Be3 Be7 56.Bh6+ Kh7 57.Bd2 Kg7
58.h5 gxh5 59.Qf5 Qf6 60.Qxh5 Ne6 61.Kd1 Nd4 62.Bc4 Nc6 63.Bh6+ Kg8 64.Bg5 Qd6+
65.Bd5 Nd8 66.Bd2 Bf6 67.Qh6 Qb6 68.Be3 Qb5 69.Qxf6 Qd3+ 70.Bd2  1-0

[Event "90th ch-Marshall CC"]
[Site "New York USA"]
[Date "2006.12.02"]
[Round "2"]
[White "Krush,I"]
[Black "Yudasin,L"]
[Result "1-0"]
[WhiteElo "2443"]
[BlackElo "2578"]

1.d4 Nf6 2.c4 e6 3.Nc3 c5 4.d5 d6 5.e4 g6 6.Nf3 Bg7 7.Bd3 exd5 8.cxd5 Bg4
9.h3 Bxf3 10.Qxf3 O-O 11.Bf4 Ne8 12.O-O Nd7 13.Qg3 Ne5 14.Be2 a6 15.Bg5 f6
16.Be3 f5 17.exf5 gxf5 18.Bg5 Qd7 19.Rae1 Nf6 20.f4 Ng6 21.h4 b5 22.h5 b4
23.hxg6 bxc3 24.gxh7+ Kh8 25.Bxf6 Rxf6 26.bxc3 c4 27.Bh5 Qa7+ 28.Rf2 Raf8
29.Kf1 Rh6 30.Qg5 Qc5 31.Rfe2 Qxd5 32.Re8 Kxh7 33.R1e7 Qd3+ 34.Kg1 Qxc3 35.Rxf8  1-0

[Event "90th ch-Marshall CC"]
[Site "New York USA"]
[Date "2006.12.03"]
[Round "4"]
[White "Sarkar,J"]
[Black "Yudasin,L"]
[Result "1-0"]
[WhiteElo "2380"]
[BlackElo "2578"]

1.d4 Nf6 2.c4 e6 3.Nc3 Bb4 4.Qc2 O-O 5.e4 d6 6.e5 dxe5 7.dxe5 Ng4 8.Nf3 Nc6
9.a3 Be7 10.Bf4 f5 11.exf6 Bxf6 12.Bg3 Nd4 13.Nxd4 Bxd4 14.Rd1 e5 15.Rd2 Bf5
16.Ne4 Qe8 17.Bd3 Qg6 18.c5 Rad8 19.Re2 Kh8 20.O-O Nf6 21.Bh4 Rde8 22.Bxf6 gxf6
23.Kh1 Rd8 24.f3 c6 25.b4 b6 26.cxb6 Bxb6 27.a4 Qe8 28.a5 Bd4 29.Rd1 Bg6
30.Ng3  1-0